Science Quiz

Random Science Quiz

Lumbar plexus Quiz Stats

Quiz not verified by Sporcle

Also try: Real Dog Breeds
Challenge
Share
Tweet
Score 0/15 Timer 20:00
0 Plays Today
% Correct
3rd Lumbar
89.6%
4th Lumbar
89.3%
2nd Lumbar
89%
Femoral
88%
5th Lumbar
87.7%
1st Lumbar
87.4%
Iliohypogastric
84.8%
12th Thoracic
84.1%
% Correct
Obturator
81.9%
Ilioinguinal
81.2%
Genitofemoral
79.6%
Lateral femoral cutaneous
65.7%
Lumbosacral trunk
60.8%
Accessory obturator
59.5%
Psoas and Iliacus
40.8%

You're not logged in!

Compare scores with friends on all Sporcle quizzes.
Sign Up with Email
OR
Log In

You Might Also Like...

Show Comments

Extras

Top Quizzes Today


Score Distribution

Your Account Isn't Verified!

In order to create a playlist on Sporcle, you need to verify the email address you used during registration. Go to your Sporcle Settings to finish the process.